| 000 | 00847nam a22001695i 4500 | ||
|---|---|---|---|
| 001 | 166530 | ||
| 003 | ES-MaACL | ||
| 005 | 20230906213342.0 | ||
| 008 | 990312s1880 sp |||| | spa d | ||
| 040 |
_aCCPB | B _bspa _cCCPB | B |
||
| 100 | 1 |
_aTorres Valle, Ricardo. _9133331 |
|
| 245 | 1 | 0 |
_aResumen de las tareas y actos del Colegio de Farmaceuticos de Madrid durante el decenio de 1871 a 1881 _b: continuacion de la historia de dicho colegio leida en la sesion del aniversario 143 de su instalacion el dia 1º de Diciembre de 1880 / _cpor Ricardo Torres Valle. |
| 260 |
_aMadrid : _b[s.n.], _c1880 ( _fImprenta de los Señores Garcia y Caravera) |
||
| 300 |
_a42 p. ; _c23 cm. |
||
| 610 | 2 | 4 |
_aColegio de Farmacéuticos de Madrid. _9134261 |
| 852 |
_aES-MaACL _jT-378-F-28 _z-- Enc. hol., falto de la cub. original _z-- Enc. en un vol. facticio |
||
| 999 |
_c166530 _d166530 |
||